| 000 | 00477 a2200133 4500 | ||
|---|---|---|---|
| 020 | _a047002187X | ||
| 040 |
_aDLC _bDLC |
||
| 100 | 1 | _aSantamarina, J. Carlos | |
| 245 | 1 | 0 |
_aDiscrete signals and inverse problems: an introduction for engineers and scientists _ban introduction for engineers and scientists _cJ. Carlos Santamarina, Dante Fratta |
| 260 |
_aChichester: _bWiley, _ccop. 2005 |
||
| 300 |
_axii, 350 s.: _bill. |
||
| 700 | 1 | _aFratta, Dante | |
| 942 |
_cBK _k621.3822 SAN _2ddc |
||
| 999 |
_c8589 _d8589 |
||